Регионална библиотека "Любен Каравелов" - Русе

Закон за здравето (Запис номер 41478)

MARC детайли
000 -Лидер
Контролно поле с фиксирана дължина 01581nam a2200397 c 4500
003 - Код на организацията, давaща контролен номер
Контролно поле BLK
005 - Дата и час на последна редакция
Контролно поле 20250106171033.0
008 - Елементи от данни с фиксирана дължина
fixed length control field 180408b bul|||||r ||||||| ||bul||
010 ## - Наследен системен номер
LC control number KNG00045043000
020 ## - Международен стандартен номер на книга ISBN
Международен стандартен номер на книга ISBN 978-954-730-705-6
-- издат.: Сиби
040 ## - Източник на каталожния запис
Идентификатор на билиотеката - собственик на записа BLK
041 ## - Код за език
Код за езика на текст/звукозапис или на отделно заглавие Български
Код за езика КДБФ Български
072 #7 - Код за тематичната категория
Код организация bullib
Код за тематична категория Н35
Текст Обществено управление. Военни науки Н
080 ## - УДК
Текстов определител УДК Надзор върху общественото здравеопазване. Санитарен контрол. Здравна полиция
УДК код - определител по УДК 351.77
УДК определител :614(497.2)(094.4)
УДК - код + определител 351.77:614(497.2)(094.4)
110 1# - Редна дума - колетивен орган
Редна дума - наименование на организация или юридическо лице България. Закони и др. п.
9 (RLIN) 243213
139 ## - Редно поле
Редна дума България. Закони и др. п.
Авторски знак Бъл - Б 92
245 10 - Сведения за заглавието
Заглавие Закон за здравето
Подзаглавни данни Сб. нормат. актове
250 ## - Област на изданието
Сведения за изданието 4. изд.
257 ## - Страна на издаване
Страна на създаване/издаване България
260 ## - Област на издателските данни
-- София
Име на издателя, разпространителя и проч. Сиби
Година на издаване 2011
Печатница София : Симолини
300 ## - Физическа характеристика
Страници 304 с.
Размери/Мащаб 19 см
380 ## - Жанр
Жанр Обществени науки
490 1# - СЕРИИ (Колекции)
Име на серия Поредица Джобни издания
500 ## - Общи забележки
Забележка Кор. опис.
650 #4 - Допълнително описание по предмет – тема
Основно описание – тема или топоним Здравеопазване - България - законодателни и директивни материали
9 (RLIN) 265764
651 #4 - Допълнително описание по предмет - топоним
Географско понятие България
9 (RLIN) 241624
653 ## - Ключова дума – ненормативна
Ключова дума здравеопазване
653 ## - Ключова дума – ненормативна
Ключова дума закони
659 ## - Тематичен бюлетин
Тематичен бюлетин Н
852 ## - Местоположение
Форматна сигнатура Цб 254180
856 4# - Електронен адрес и достъп
Електронен формат pdf - файл
Път до файла /url/
856 4# - Електронен адрес и достъп
Електронен формат pdf - файл
Път до файла /url/
942 ## - АРТИКУЛИ
Вид на библиотечния материал Книги
Скрит в OPAC Не
Koha issues (borrowed), all copies 3
944 ## - СЪЗДАВАНЕ И РЕДАКЦИЯ на ЗАПИСА
Създаване/Редакция Създаване
Дата на регистрацията/редакция 28.12.2011
Статус, дата на статуса Ивелин Русев
Служител, извършил регистрацията/редакцията 30563
944 ## - СЪЗДАВАНЕ И РЕДАКЦИЯ на ЗАПИСА
Създаване/Редакция Редакция
Дата на регистрацията/редакция 14.02.2013
Статус, дата на статуса ф /
Служител, извършил регистрацията/редакцията
999 ## - СИСТЕМНИ КОНТРОЛНИ НОМЕРА
Koha biblionumber 41478
Koha biblioitemnumber 41478
Наличности
Код за отписване Код за изгубен артикул Код за повреда Коз за рестрикции Код за отдаване Артикулен № Име на библиотеката - собственик Име на библиотеката, в която се намира в момента Статус (Текущо местоположение) Дата на вписване в системата Местоположение - отдел Цена в лева Инвентарен номер Систематично азбучна сигнатура Баркод Номер на екземпляра Цена в евро Служебна бележка Служебен тип на артикула
  Не е изгубен Не е повреден без рестрикции ползва се в читалня 65014 Регионална библиотека "Любен Каравелов" Русе Регионална библиотека "Любен Каравелов" Русе Читалня 2011-12-16 Читалня 7.50 120000755664 Ч 351/Б 92 120000755664 1 3.83 Дост: Pk Вид: Ф N: 251 Дата: 15.12.2011 Дата инв: 29.03.2017 Бележки инв: Ч2017 Книги
  Не е изгубен Не е повреден без рестрикции ползва се в читалня 65015 Регионална библиотека "Любен Каравелов" Русе Регионална библиотека "Любен Каравелов" Русе Хранилище 2012-08-20 Хранилище 7.50 120000759297 Цб 254180 120000759297 2 3.83 Дост: Dp Вид: Д N: 27 Дата: 04.07.2011 Книги
Vip Innovations Ltd, Rousse, Bulgaria 2025